000 00502nam a22001817a 4500
005 20240125113307.0
008 240125b |||||||| |||| 00| 0 eng d
020 _a9788131606766
_cRs. 1295.00
040 _aMAIN
082 _a320.509
_bH117H
100 _aHaddock, Bruce
245 _aHistory of political thought: From antiquity to the present
260 _aJaipur
_bRawat Publications
_c2015
300 _axii, 330
650 _aPolitical Science
650 _aPolitical Thought
942 _cBK
999 _c313916
_d313916